Introduction to clinical immunology

Elmentve itt :
Bibliográfiai részletek
Szerző: Bata Zsuzsanna
Dokumentumtípus: Vegyes gyűjtemény
Tárgyszavak:
Online Access:http://eta.bibl.u-szeged.hu/2829
LEADER 00680npc a2200169 i 4500
001 eta2829
005 20211008094401.0
008 200710suuuu hu o 0|| eng d
040 |a SZTE Elektronikus Tananyag Archívum  |b hun 
041 |a eng 
100 1 |a Bata Zsuzsanna 
245 1 0 |a Introduction to clinical immunology  |h [elektronikus dokumentum] /  |c  Bata Zsuzsanna 
650 4 |a Orvos- és egészségtudomány 
650 4 |a Általános orvostudomány 
650 4 |a Immunológia 
856 4 0 |u https://eta.bibl.u-szeged.hu/2829/1/bata_zsuzsanna_clinical_immunology.pdf  |z Dokumentum-elérés  
856 4 0 |u https://eta.bibl.u-szeged.hu/2829/7/bata_zsuzsanna_clinical_immunology.mp4  |z Dokumentum-elérés